Регионална библиотека "Любен Каравелов" - Русе

Тестове по география и икономика за VIІ клас (Азия, Австралия, Антрактида) (Запис номер 163532)

MARC детайли
000 -Лидер
Контролно поле с фиксирана дължина 01866nam a2200409 c 4500
003 - Код на организацията, давaща контролен номер
Контролно поле BLK
005 - Дата и час на последна редакция
Контролно поле 20180420234814.0
008 - Елементи от данни с фиксирана дължина
fixed length control field 180410b bul|||||r ||||||| ||bul||
010 ## - Наследен системен номер
LC control number KNG00170971000
020 ## - Международен стандартен номер на книга ISBN
Международен стандартен номер на книга ISBN 978-954-2980-08-7
-- издат.: Славина
040 ## - Източник на каталожния запис
Идентификатор на билиотеката - собственик на записа BLK
041 ## - Код за език
Код за езика на текст/звукозапис или на отделно заглавие Български
Код за езика КДБФ Български
072 #7 - Код за тематичната категория
Код организация bullib
Код за тематична категория Н372
Текст Учебни предмети. Учебници Н
080 ## - УДК
Текстов определител УДК География в основното училище. Методика на обучението по география
УДК код - определител по УДК 372.891
УДК определител (079)(075.2)
УДК - код + определител 372.891(079)(075.2)
080 ## - УДК
Текстов определител УДК Икономически науки - учебни предмети
УДК код - определител по УДК 372.833
УДК определител (079)(075.2)
УДК - код + определител 372.833(079)(075.2)
100 1# - Редна дума - Автор
Автор Иванов, Анко Илиев
Авторска отговорност първи автор
R(LIN) 253907
139 ## - Редно поле
Редна дума Иванов, Анко Илиев
Авторски знак Иванов - И 21
245 10 - Сведения за заглавието
Заглавие Тестове по география и икономика за VIІ клас (Азия, Австралия, Антрактида)
Подзаглавни данни За ученици и учители
Редно поле (дума) Анко Илиев Иванов.
257 ## - Страна на издаване
Страна на създаване/издаване България
260 ## - Област на издателските данни
-- София
Име на издателя, разпространителя и проч. Славина
Година на издаване 2014
Печатница Перник : Съперник
300 ## - Физическа характеристика
Страници 112 с.
Илюстрации и др. с ил.
Размери/Мащаб 24 см
380 ## - Жанр
Жанр Обществени науки
500 ## - Общи забележки
Забележка Библиогр. с. 110.
650 #4 - Допълнително описание по предмет – тема
Основно описание – тема или топоним География - тестове - учебници за основни училища
9 (RLIN) 263601
650 #4 - Допълнително описание по предмет – тема
Основно описание – тема или топоним Икономика - тестове - учебници за основни училища
9 (RLIN) 335982
653 ## - Ключова дума – ненормативна
Ключова дума география
653 ## - Ключова дума – ненормативна
Ключова дума икономика
653 ## - Ключова дума – ненормативна
Ключова дума тестове
653 ## - Ключова дума – ненормативна
Ключова дума учебни помагала
653 ## - Ключова дума – ненормативна
Ключова дума VІІ кл.
659 ## - Тематичен бюлетин
Тематичен бюлетин Н
852 ## - Местоположение
Форматна сигнатура Цб 272591
856 4# - Електронен адрес и достъп
Електронен формат pdf - файл
Път до файла /url/
856 4# - Електронен адрес и достъп
Електронен формат pdf - файл
Път до файла /url/
942 ## - АРТИКУЛИ
Вид на библиотечния материал Книги
Скрит в OPAC Не
944 ## - СЪЗДАВАНЕ И РЕДАКЦИЯ на ЗАПИСА
Създаване/Редакция Създаване
Дата на регистрацията/редакция 11.02.2015
Статус, дата на статуса ф /
Служител, извършил регистрацията/редакцията Виолета_Тройчева
944 ## - СЪЗДАВАНЕ И РЕДАКЦИЯ на ЗАПИСА
Създаване/Редакция Редакция
Дата на регистрацията/редакция 19.06.2015
Статус, дата на статуса ф /
Служител, извършил регистрацията/редакцията Пенка_Димитрова
999 ## - СИСТЕМНИ КОНТРОЛНИ НОМЕРА
Koha biblionumber 163532
Koha biblioitemnumber 163532
Наличности
Код за отписване Код за изгубен артикул Източник на класификационната схема Код за повреда Коз за рестрикции Код за отдаване Артикулен № Име на библиотеката - собственик Име на библиотеката, в която се намира в момента Статус (Текущо местоположение) Дата на вписване в системата Местоположение - отдел Цена в лева Инвентарен номер Систематично азбучна сигнатура Баркод Номер на екземпляра Цена в евро Служебна бележка Служебен тип на артикула
  Не е изгубен Universal Decimal Classification Не е повреден без рестрикции заемане за дома 274217 Регионална библиотека "Любен Каравелов" Русе Регионална библиотека "Любен Каравелов" Русе Детски отдел 2015-02-20 Детски отдел 4.50 120000785583 ДН 373.3.016:9/И 21 А 120000785583 1 2.30 Дост: DA Вид: А N: 5 Дата: 20.02.2015 Дата инв: 24.08.2015 Бележки инв: Д2015 Книги
  Не е изгубен   Не е повреден без рестрикции ползва се в читалня 274218 Регионална библиотека "Любен Каравелов" Русе Регионална библиотека "Любен Каравелов" Русе Хранилище 2015-06-17 Хранилище 4.50 120000788892 Цб 272591 120000788892 2 2.30 Дост: Dp Вид: Д N: 2 Дата: 07.01.2015 Книги
Vip Innovations Ltd, Rousse, Bulgaria 2025